| 000 | 00768cam a22002413a 4500 | ||
|---|---|---|---|
| 001 | 36740 | ||
| 003 | PGUSA | ||
| 005 | 20140828083812.0 | ||
| 008 | 110715s2011||||xxu|||||s|||||000 1 eng d | ||
| 040 |
_aPGUSA _beng |
||
| 042 | _adc | ||
| 050 | 4 | _aPZ | |
| 100 | 1 |
_aMadison, Lucy Foster, _d1865-1932 |
|
| 245 | 1 | 0 |
_aPeggy Owen, Patriot : _bA Story for Girls _h[electronic resource] / _cLucy Foster Madison |
| 260 |
_bProject Gutenberg, _c2011 |
||
| 506 | _aPublic domain in the USA. | ||
| 516 | _aElectronic text | ||
| 653 | _aPhiladelphia (Pa.) -- History -- Revolution, 1775-1783 -- Juvenile fiction | ||
| 700 | 1 |
_aPeck, H. J. _q(Henry Jarvis), _d1880-1964 |
|
| 830 | 0 |
_aProject Gutenberg _v36740 |
|
| 856 | 4 | 0 | _uhttp://www.gutenberg.org/ebooks/36740 |
| 942 | _cEB | ||
| 999 |
_c265995 _d265995 |
||